000 00293nam a2200109 a 4500
005 20201002031340.0
008 130419s2007 000 spa d
100 _aRodríguez, Félix
_921046
245 0 _aLeonel una reeleción justificada.
260 _aSanto Domingo,
_c2007.
999 _c38207
_d38207
040 _aDO-SdBNP